00986 2200313 4500001002100000005001500021035002000036007000300056008004100059020002200100082001600122084001800138100002500156245012100181250003600302300003700338650003500375700003000410504003000440264002800470336002100498337003000519338002300549040002200572090002200594850001200616999002200628990002200650INLIS00000000087980320230706024456 a0010-0723000174ta230706s2021 yoia g ind d a978-623-98146-9-404223a005.369 a005.369 AND a0 aAndriyaniePengarang10aAplikasi pengolah kata dan spreadsheet :bbuku ajar simulasi digital SMK/MAK /cAndriyani; penyunting, Sawa Anatasya aCetakan Pertama, September 2021 av, 117 halaman :btabel ;c21 cm 4aSpreadsheet (Program Komputer)0 aSawa AnatasyaePenyunting aBibliografi : halaman 11731aBantul :bAnanta,c2021 2rdacontentateks 2rdamediaatanpa perantara 2rdacarrieravolume aYOPDYOGbinderda aCB-D.11 2021-4100 aYOPDYOG aCB-D.11/2021-4100 aCB-D.11/2021-4100